| 000 | 00463nam a22001577a 4500 | ||
|---|---|---|---|
| 005 | 20180409084140.0 | ||
| 008 | 180409b xxu||||| |||| 00| 0 eng d | ||
| 020 | _a9781470409289 | ||
| 040 | _cPK-LaUMT | ||
| 082 |
_a514 _bEDE-C |
||
| 100 | _aEdelsbrunner, Herbert | ||
| 245 |
_aComputational topology : _ban introduction / _cHerbet Edelsbrunner and Jon L. Harer |
||
| 260 |
_aHaryana : _bAmerican Mathematical Society, _c2010 |
||
| 300 | _a241 p. | ||
| 942 | _cBK | ||
| 999 |
_c104220 _d104220 |
||